000 00324nam a22001457a 4500
020 _a818858240-9
082 _a894.812.3
_bBAR/P
100 _aBABU BHARATHDWAJ
245 _aPARETHATHMAKKALKK APPAVUM VEENJUM
260 _aTHRISSUR
_bGREEN BOOKS
_c2004
300 _a107
520 _aNOVEL
650 _aNOVEL
942 _cBK
999 _c4776
_d4776